000 00724nam a22002057a 4500
999 _c5247
_d5247
003 AR-CdUCM
008 190312b ||||| |||| 00| 0 spa d
040 _aMUNICIPALIDAD PROVINCIAL DEL CUSCO
_cBIBLIOTECA MUNICIPAL DEL CUSCO
082 _22ed.
_a725 /
_bC96
100 _aDe Cusa, Juan
_915894
245 _aPiscinas :
_bproyectos y construcción /
260 _aBarcelona :
_bCEAC S.A.,
_c1962.
300 _a160 páginas ;
_bIlustraciones,
_c22 cm.
505 _aLa piscina moderna -- Construcción de piscinas -- El agua -- Complementos de una piscina -- Modelos de piscinas
650 _aArquitectura
_93356
650 _aPiscinas
_915895
650 _aConstrucción
_94996
942 _2ddc
_cLIBROS
945 _admma